000 00529nam a22001937a 4500
003 MPLRDC
005 20220104143507.0
008 210129b ||||| |||| 00| 0 eng d
020 _a957-621-233-2
082 _a490.8 TXWH v.113 c.2*
100 _aPAUL HAWKEN著; 吴程远,齐若兰译
245 _a实现创业的梦想
_c
250 _a一版二刷
260 _a
_b天下文化出版股份有限
_c1994
300 _b
490 _a天下文化. 财经企管;113
650 _a
942 _cBK
_o490.8 TXWH v.113 c.2*
999 _c40450
_d40440